<?xml version="1.0" encoding="UTF-8"?>
<record
    xmlns:xsi="http://www.w3.org/2001/XMLSchema-instance"
    xsi:schemaLocation="http://www.loc.gov/MARC21/slim http://www.loc.gov/standards/marcxml/schema/MARC21slim.xsd"
    xmlns="http://www.loc.gov/MARC21/slim">

  <leader>01240nabaa22002297a 4500</leader>
  <datafield tag="999" ind1=" " ind2=" ">
    <subfield code="c">6199</subfield>
    <subfield code="d">6199</subfield>
  </datafield>
  <controlfield tag="003">OSt</controlfield>
  <controlfield tag="005">20260125200140.0</controlfield>
  <controlfield tag="008">190701b        xxu||||| |||| 00| 0 spa d</controlfield>
  <datafield tag="040" ind1=" " ind2=" ">
    <subfield code="c">PJ</subfield>
  </datafield>
  <datafield tag="100" ind1=" " ind2=" ">
    <subfield code="9">6883</subfield>
    <subfield code="a">Monti, Laura</subfield>
  </datafield>
  <datafield tag="245" ind1="1" ind2="0">
    <subfield code="a">Modificaciones a la ley 19.549 en cuanto a control judicial /</subfield>
    <subfield code="c">Laura M. Monti. </subfield>
  </datafield>
  <datafield tag="300" ind1=" " ind2=" ">
    <subfield code="a">p. 3-7</subfield>
  </datafield>
  <datafield tag="500" ind1=" " ind2=" ">
    <subfield code="a">Cita: TR LALEY AR/DOC/2766/2024 </subfield>
  </datafield>
  <datafield tag="505" ind1=" " ind2=" ">
    <subfield code="a">Sumario: I. Introducci&#xF3;n.&#x2014; II. T&#xED;tulo I referido al &#xE1;mbito de aplicaci&#xF3;n de la ley y a los principios fundamentales del procedimiento administrativo.&#x2014; III. T&#xED;tulo III: requisitos esenciales del acto administrativo, como acto jur&#xED;dico de derecho p&#xFA;blico.&#x2014; IV. T&#xED;tulo IV: regula las v&#xED;as administrativas impugnatoria de actos particulares y generales, y reclamatoria contra hechos y omisiones. </subfield>
  </datafield>
  <datafield tag="505" ind1=" " ind2=" ">
    <subfield code="t">&#xBF;Te interesa el texto completo? Comunicate al correo: koha@justierradelfuego.gov.ar</subfield>
  </datafield>
  <datafield tag="650" ind1=" " ind2="0">
    <subfield code="9">211</subfield>
    <subfield code="a">DERECHO ADMINISTRATIVO</subfield>
  </datafield>
  <datafield tag="650" ind1=" " ind2="0">
    <subfield code="9">1135</subfield>
    <subfield code="a">PROCEDIMIENTO ADMINISTRATIVO</subfield>
  </datafield>
  <datafield tag="650" ind1=" " ind2="0">
    <subfield code="9">1171</subfield>
    <subfield code="a">ACTO ADMINISTRATIVO</subfield>
  </datafield>
  <datafield tag="650" ind1=" " ind2="0">
    <subfield code="a">REFORMA DEL ESTADO</subfield>
    <subfield code="9">3177</subfield>
  </datafield>
  <datafield tag="773" ind1="0" ind2=" ">
    <subfield code="0">2842</subfield>
    <subfield code="9">3251</subfield>
    <subfield code="d">Buenos Aires : AbeledoPerrot, 2012-</subfield>
    <subfield code="o">DA121</subfield>
    <subfield code="t">Derecho administrativo. N&#xBA; 156 noviembre/diciembre 2024</subfield>
    <subfield code="z">18510590</subfield>
  </datafield>
  <datafield tag="942" ind1=" " ind2=" ">
    <subfield code="2">udc</subfield>
    <subfield code="c">ANA</subfield>
  </datafield>
</record>
